000 nam a22 7a 4500
999 _c328418
_d328418
003 Nust
005 20170406150801.0
008 170406b xxu||||| |||| 00| 0 eng d
040 _cDLC
082 _a620.11 SUB
100 _aSubramanian,R.
245 _aStrength of Materials
260 _a New Delhi :
300 _a 880p. :
942 _2ddc
_cBK